| 000 | 01159nam a2200289 a 4500 | ||
|---|---|---|---|
| 001 | 25793 | ||
| 003 | BD-RjUL | ||
| 005 | 20211209050928.0 | ||
| 008 | 140319s1981 bg b b f001 0 eng | ||
| 035 | _a(BD-RjUL)25863 | ||
| 040 |
_aDLC _cDLC _dDLC _dBD-RjUL _beng |
||
| 041 | _aeng | ||
| 082 | 0 | 0 |
_a338.95492 _219 _bMON |
| 100 | 1 |
_aMolla, M. K. U., _d1940- _979235 |
|
| 245 | 1 | 4 |
_aThe new province of Eastern Bengal & Assam, 1905-1911 / _cM.K.U. Molla. |
| 260 |
_aRajshahi, Bangladesh ; _bInstitute of Bangladesh Studies, Rajshahi University ; _aDacca : _bDistributor, University Press, _c1981. |
||
| 300 |
_aviii, 272 p. : _bmaps ; _c22 cm. |
||
| 500 | _aBased on the author's thesis (Ph. D.--University of London, 1966) | ||
| 504 | _aIncludes Bibliography: p. 257-270 and index. | ||
| 651 | 0 |
_aEastern Bengal and Assam (India) _xEconomic policy. _979236 |
|
| 651 | 0 |
_aEastern Bengal and Assam (India) _xEconomic conditions. _979237 |
|
| 651 | 0 |
_aEastern Bengal and Assam (India) _xSocial policy. _979238 |
|
| 651 | 0 |
_aEastern Bengal and Assam (India) _xSocial conditions. _979239 |
|
| 942 |
_2ddc _cBK |
||
| 999 |
_c25793 _d25793 |
||